Statistics for Countries With The Tallest Men

Click here to take the quiz!

General Stats

  • This quiz has been taken 35 times
  • The average score is 17 of 25

Answer Stats

cmCountry% Correct
183.5Netherlands
97%
177.4Germany
93%
178.0Finland
86%
177.7Poland
86%
178.1Sweden
86%
178.7Croatia
83%
181.4Denmark
83%
181.7Estonia
83%
180.7Latvia
83%
179.9Lithuania
83%
180.2Serbia
83%
178.3Czech Republic
79%
179.7Norway
79%
182.2Bosnia and Herzegovina
76%
178.3Slovakia
76%
180.1Iceland
72%
183.7Montenegro
72%
179.3Slovenia
72%
177.5Ukraine
72%
178.1Belarus
69%
177.3Greece
66%
179.0Antigua and Barbuda
10%
179.6Dominica
7%
177.4Saint Lucia
7%
177.8Grenada
3%

Score Distribution

Percentile by Number Answered

Percent of People with Each Score

Your Score History

You have not taken this quiz